Quick Pick: 'F' Latin Phrases Quiz Stats

 Plays Quiz Updated Jun 23, 2017

Support Sporcle.
Go Orange.
Score 0/12 Timer 01:30
0 Plays Today
% Correct
Familia supra omnia
92.9%
Fortes fortuna adiuvat
89%
Fidei defensor
85.3%
Fac simile
84.3%
Finis coronat opus
83.7%
Fundamenta inconcussa
81.6%
Flagellum dei
80.8%
Fiat lux
79.7%
Facile princeps
73.8%
Felo de se
73.5%
Festina lente
73%
Felix culpa
62.3%

Today's Daily Dose

Word Ladder
New Dimensions!

Quick Pick
'Animal' Fish

Get the Picture
Bird or Food?

You're not logged in!

Compare scores with friends on all Sporcle quizzes.
OR
Log In
Forgot?

From the Vault

25 Years of Music Videos

by lolshortee

When a music video gets 3 billion YouTube plays, you should probably be familiar with it.
Remove Ads.
Support Sporcle.
Get the best of Sporcle when you Go Orange. This ad-free experience offers more features, more stats, and more fun while also helping to support Sporcle. Thank you for becoming a member.

Show Comments

Extras

Top Quizzes Today


Score Distribution

Your Account Isn't Verified!

In order to create a playlist on Sporcle, you need to verify the email address you used during registration. Go to your Sporcle Settings to finish the process.

Report this User

Report this user for behavior that violates our Community Guidelines.

Details: